|
|
|
|
| LEADER |
00868naa a2200217 i 4500 |
| 001 |
publ5679 |
| 005 |
20220913155542.0 |
| 008 |
151010s2012 hu o 0|| zxx d |
| 020 |
|
|
|a 978-963-86627-2-9
|
| 024 |
7 |
|
|a 1977151
|2 mtmt
|
| 040 |
|
|
|a SZTE Publicatio Repozitórium
|b hun
|
| 041 |
|
|
|a zxx
|
| 100 |
1 |
|
|a Fejes Ildikó
|
| 245 |
1 |
0 |
|a Szervetlen szennyezők monitoring vizsgálata Szeged talajvizében
|h [elektronikus dokumentum] /
|c Fejes Ildikó
|
| 260 |
|
|
|a Göttinger Kiadó
|b Veszprém
|c 2012
|
| 300 |
|
|
|a 236-241
|
| 490 |
0 |
|
|a VIII. Kárpát-medencei Környezettudományi Konferencia
|
| 650 |
|
4 |
|a Föld- és kapcsolódó környezettudományok
|
| 700 |
0 |
1 |
|a Farsang Andrea
|e aut
|
| 856 |
4 |
0 |
|u http://publicatio.bibl.u-szeged.hu/5679/1/1977151.pdf
|z Dokumentum-elérés
|
| 856 |
4 |
0 |
|u http://publicatio.bibl.u-szeged.hu/5679/2/1977151-cimlap-tartalom.pdf
|z Dokumentum-elérés
|